|
|
|
|
| LEADER |
01372nam a2200373 a 4500 |
| 001 |
000556446 |
| 003 |
CZ BrMZK |
| 005 |
20230922113400.0 |
| 007 |
ta |
| 008 |
010907s1999 xr e c 0 cze d |
| 015 |
|
|
|a cnb000993586
|
| 020 |
|
|
|a 80-902629-4-5
|q (v knize neuvedeno ;
|q brož.)
|z 80-902629-1-0
|
| 040 |
|
|
|a BOA001
|b cze
|
| 041 |
1 |
|
|a cze
|a eng
|
| 043 |
|
|
|a e-xr---
|
| 045 |
|
|
|a x-x-
|
| 072 |
|
7 |
|a 77
|x Fotografie. Fotografické postupy
|2 Konspekt
|9 21
|
| 080 |
|
|
|a 77.044
|2 MRF
|
| 080 |
|
|
|a (437.3)
|2 MRF
|
| 080 |
|
|
|a (083.824)
|2 MRF
|
| 100 |
1 |
|
|a Hájek, Karel,
|d 1900-1978
|7 jk01033060
|
| 245 |
1 |
0 |
|a Karel Hájek :
|b archiv 1926-1973 : [katalog výstavy] /
|c [autor projektu, koncepce, text katalogu a výběr fotografií Blanka Chocholová].
|
| 260 |
|
|
|a [Praha] :
|b Asociace fotografů,
|c [1999], c1998
|
| 300 |
|
|
|a [68] s. :
|b il., portréty ;
|c 25 cm
|
| 500 |
|
|
|a Bibliogr.
|
| 500 |
|
|
|a Souběžný anglický text.
|
| 600 |
1 |
7 |
|a Hájek, Karel,
|d 1900-1978
|7 jk01033060
|
| 648 |
|
7 |
|a 20. století
|7 ch460558
|
| 650 |
0 |
7 |
|a reportážní fotografie
|7 ph125142
|z Česko
|y 20. století
|2 czenas
|
| 655 |
|
7 |
|a katalogy výstav
|7 fd132536
|2 czenas
|
| 700 |
1 |
|
|a Chocholová, Blanka,
|d 1953-
|7 jo20000082688
|
| 910 |
|
|
|a BOA001
|b 3-1084.175
|
| 990 |
|
|
|a BK
|
| 996 |
6 |
|
|b 2610133419
|c 3-1084.175
|l MZK
|r Sklad / do 1 hodiny
|n 3
|p p.v.
|w 000556446
|u 000010
|a 1
|e BOA001
|j MZK50
|s P
|